00288nam a2200121Ia 45000030006000000080041000060400015000471000015000622450027000772600033001045460012001370050017001490STCL150530s9999 xx 000 0 und d aSTCLcSTCL aGordon, G. aPoetry and the moderns bOxford Clarendon pressc1935 aEnglish20220125170842.0